00608nam a2200205 a 45000010005000000030009000050080041000140200015000550400028000700820015000981000031001132450033001442600058001773000010002356500020002456500047002656500033003126500027003456500030003729934CO-ViMGA141112s2004 ck r 000 u spa d a9582807709 aCO-ViMGAbspacCO-ViMGA04a641.5 C11e1 aCabezas Rosero ; Segundo, 10aLa cocina de Segundo Cabezas aSantafé de Bogotá : bCirculo de Lectores, c1995 a476p.14aFONDOS Y SALSAS14aMETODOS, TIEMPOS Y TEMPERATURAS DE COCCION14aPROTOCOLO Y SERVICIO DE MESA14aTERMINOLOGIA CULINARIA14aVINOS, LICORES Y COCTELES